Google, Why Is [City] So ____? Suggestion Quiz - Statistics

General Stats
  • This quiz has been taken 86 times
  • The average score is 13 of 25
Answer Stats
Hint Answer % Correct
Why is Mexico City so ____? Big
77%
Why is Tokyo so ____? Big
77%
Why is Las Vegas so ____? Hot
77%
Why is New Delhi so ____? Hot
77%
Why is Moscow so ____? Cold
76%
Why is Bogota so ____? Cold
76%
Why is Dubai so ____? Rich
73%
Why is Hong Kong so ____? Rich
73%
Why is Johannesburg so ____? Dangerous
53%
Why is Paris so ____? Popular
53%
Why is Bangkok so ____? Popular
53%
Why is Rio de Janeiro so ____? Expensive
52%
Why is Stockholm so ____? Expensive
52%
Why is Dublin so ____? Expensive
52%
Why is New York so ____? Expensive
52%
Why is London so ____? Expensive
52%
Why is Sydney so ____? Expensive
52%
Why is Cairo so ____? Dry all year
47%
Why is Jerusalem so ____? Important
37%
Why is Istanbul so ____? Populated
35%
Why is Los Angeles so ____? Polluted
24%
Why is Chicago so ____? Violent
24%
Why is Seattle so ____? Liberal
20%
Why is Boston so ____? Racist
11%
Why is Auckland so ____? Humid
10%
No matching quizzes found
Score Distribution
Percent of People with Each Score
Percentile by Number Answered
Your Score History
You have not taken this quiz